000 00564cam a22001697a 4500
008 180718b2007 xxu||||| |||| 00| 0 eng d
082 _aAPPPA 2007-08
100 _aVarma, C.K.
245 _aRoad- blocks and road- ahead to energy conservation in Indian scenario
_cby C.K. Varma
260 _aNew Delhi
_bIndian Institute of Public Administration
_c2007
300 _a80p.
500 _aAn APPPA M.Phil dissertation, 2006-07 (Guide: Prof. V.K. Sharma)
650 _aIndian scenario
650 _aEnergy conservation
650 _aRoad
650 _aRoad- blocks
999 _c493506
_d493506